Aeronautika ´07 medzinárodná vedecká konferencia : [Košice], 24.-25. októbra 2007
| Corporate Author: | |
|---|---|
| Format: | Conference Proceeding Book |
| Language: | Slovak Czech English |
| PhysicalDescription: | 187 s. fotogr., sch., tab. 24 cm |
| Published: |
Košice
Technická univerzita
2007
|
| ISBN: | 9788080738822 (brož.) |
| Edition: | [1. vyd.] |
| Subjects: |
MARC
| LEADER | 00000nam a2200000 a 4500 | ||
|---|---|---|---|
| 001 | vtls009159539 | ||
| 003 | SK-MaSNL | ||
| 005 | 20260425225655.0 | ||
| 008 | 160610s2007 xo ol f a 100 0 slo | ||
| 015 | |a SNBA2007/11-05342 | ||
| 020 | |a 9788080738822 (brož.) | ||
| 035 | |a 68454D63-4F18-4647-BD49-DB1793287D8F | ||
| 035 | |a urn:nbn:sk:snk-aml786 | ||
| 035 | |a urn:nbn:sk:snk-am008tum | ||
| 040 | |a SNK |b slo |c SNK |e AACR2 | ||
| 041 | 0 | |a slo |a cze |a eng |b eng | |
| 044 | |a xo |c SK | ||
| 072 | 7 | |a 656.6/.7 |x Vodná a letecká doprava |2 konspekt | |
| 080 | |a 656.7 |2 2001 | ||
| 080 | |a 623.7 |2 2001 | ||
| 080 | |a 629.7.072.116 |2 2001 | ||
| 080 | |a 005 |2 2001 | ||
| 080 | |a 37.0 |2 2001 | ||
| 080 | |a (062.534) |2 2001 | ||
| 111 | 2 | |a Aeronautika |d (2007 : |c Košice, Slovensko) |9 171865 | |
| 245 | 1 | 0 | |a Aeronautika ´07 |b medzinárodná vedecká konferencia : [Košice], 24.-25. októbra 2007 |
| 250 | |a [1. vyd.] | ||
| 260 | |a Košice |b Technická univerzita |c 2007 | ||
| 300 | |a 187 s. |b fotogr., sch., tab. |c 24 cm | ||
| 504 | |a Bibliogr. odkazy | ||
| 546 | |a Text aj čes. a angl. Res. angl. | ||
| 650 | 0 | 7 | |a letecká doprava |2 SNKPH |9 50044 |
| 650 | 0 | 7 | |a civilné letectvo |2 SNKPH |9 79945 |
| 650 | 0 | 7 | |a vojenské letectvo |2 SNKPH |9 69447 |
| 650 | 0 | 7 | |a letecká navigácia |2 SNKPH |9 85234 |
| 650 | 0 | 7 | |a letová prevádzka |2 SNKPH |9 68907 |
| 650 | 0 | 7 | |a manažment |2 SNKPH |9 922 |
| 650 | 0 | 7 | |a vzdelávanie |2 SNKPH |9 4033 |
| 650 | 0 | 7 | |a Air transportation |2 SNKPHeng |9 268187 |
| 650 | 0 | 7 | |a Civil aviation |2 SNKPHeng |9 323294 |
| 650 | 0 | 7 | |a Air forces |2 SNKPHeng |9 274433 |
| 650 | 0 | 7 | |a Air traffic |2 SNKPHeng |9 313263 |
| 650 | 0 | 7 | |a Air navigation |2 SNKPHeng |9 316237 |
| 650 | 0 | 7 | |a Management |2 SNKPHeng |9 265406 |
| 650 | 0 | 7 | |a Education |2 SNKPHeng |9 265320 |
| 655 | 7 | |a zborníky konferencií |2 SNKPH |9 70153 | |
| 655 | 7 | |a Proceedings of conferences |2 SNKPHeng |9 265791 | |
| 852 | |a Štátna vedecká knižnica v Banskej Bystrici | ||
| 919 | |a 978-80-8073-882-2 | ||
| 958 | |a OND | ||
| 958 | |a NB | ||
| 968 | |d 62 | ||
| 999 | |c 655643 |d 657573 | ||
| 952 | |a SNK |b SNK |y PREZ |7 0 |p 17A0567826 |o snkSC 129834 |i snk2007/24865 |8 0 |0 0 |1 0 |4 0 |d 2007-11-15 |f 1 |l 0 |r 2025-06-18 00:00:00 |w 2026-02-23 | ||
| 952 | |a SNK |b SNK |y VYP |7 0 |p 17A0567827 |o snkSC 129834 D1 |i snk2007/24875 |8 0 |0 0 |1 0 |4 0 |d 2007-11-15 |l 0 |r 2026-02-23 18:35:49 |w 2026-02-23 | ||


